[Event "26th North American Open"]
[Site "Las Vegas"]
[Date "2016.12.26"]
[Round "1"]
[White "Gelashvili, Tamaz"]
[Black "Li, Ben"]
[Result "1/2-1/2"]
[WhiteElo "2676"]
[BlackElo "2357"]
[PlyCount "83"]
[EventDate "2016.12.??"]
[EventType "swiss"]
[EventRounds "9"]
[EventCountry "USA"]
[Source "MonRoi"]

1. e4 e5 2. Nf3 Nc6 3. Bc4 Bc5 4. d3 Nf6 5. Nbd2 d6 6. c3 a6 7. Bb3 Ba7 8. h3
h6 9. Nf1 O-O 10. g4 d5 11. Qe2 Be6 12. g5 dxe4 13. dxe4 hxg5 14. Bxg5 Bxb3 15.
axb3 Qd6 16. Ng3 Nh7 17. Rg1 Qe6 18. Nf5 Kh8 19. Nxg7 Kxg7 20. Bh6+ Kf6 21. Ng5
Nxg5 22. Bxg5+ Kg6 23. Bh4+ Kh6 24. Rg5 Kh7 25. Rh5+ Kg7 26. Rg5+ Kh7 27. Qh5+
Qh6 28. Qf3 Bxf2+ 29. Qxf2 Ne7 30. Rd1 f6 31. Rg3 Rad8 32. Rgd3 Rxd3 33. Rxd3
Rf7 34. Kd1 Ng6 35. Bg3 Qxh3 36. Kc2 Qg4 37. Bxe5 Qxe4 38. Bxf6 Nf4 39. Qh4+
Kg6 40. Qg5+ Kh7 41. Qh4+ Kg6 42. Qg5+ 1/2-1/2

[Event "26th North American Open"]
[Site "Las Vegas"]
[Date "2016.12.26"]
[Round "1"]
[White "Ghatti, Sanjay"]
[Black "Li, Ruifeng"]
[Result "0-1"]
[WhiteElo "2311"]
[BlackElo "2650"]
[PlyCount "56"]
[EventDate "2016.12.??"]
[EventType "swiss"]
[EventRounds "9"]
[EventCountry "USA"]
[Source "MonRoi"]

1. e4 c5 2. Nf3 d6 3. d4 cxd4 4. Nxd4 Nf6 5. Nc3 a6 6. h3 e6 7. g4 Nfd7 8. Be3
b5 9. Bg2 Bb7 10. Qd2 Be7 11. O-O-O Nb6 12. b3 N8d7 13. f4 O-O 14. e5 Bxg2 15.
Qxg2 dxe5 16. fxe5 Rc8 17. Nde2 Qc7 18. Qe4 b4 19. Nb1 Bc5 20. Bf4 Nd5 21. Bg3
Be3+ 22. Kb2 Nc5 23. Qf3 Na4+ 24. bxa4 Qxc2+ 25. Ka1 b3 26. axb3 Qxb3 27. Rd2
Rc4 28. Nec3 Bxd2 0-1

[Event "26th North American Open"]
[Site "Las Vegas"]
[Date "2016.12.26"]
[Round "1"]
[White "Zhang, Chao"]
[Black "Panchanathan, Magesh"]
[Result "0-1"]
[WhiteElo "2328"]
[BlackElo "2597"]
[PlyCount "111"]
[EventDate "2016.12.??"]
[EventType "swiss"]
[EventRounds "9"]
[EventCountry "USA"]
[Source "MonRoi"]

1. e4 e5 2. Nf3 Nc6 3. Bb5 a6 4. Ba4 Nf6 5. O-O Be7 6. Re1 b5 7. Bb3 d6 8. c3
O-O 9. h3 Nb8 10. d4 Nbd7 11. Nbd2 Bb7 12. Bc2 Re8 13. Nf1 Bf8 14. Ng3 g6 15.
Bg5 h6 16. Bd2 c5 17. d5 c4 18. Nh2 Qc7 19. Rf1 Bg7 20. Be3 Nc5 21. Qd2 h5 22.
Bh6 Qe7 23. Bg5 Qf8 24. Rae1 Nfd7 25. Nf3 Bc8 26. Nh4 Kh7 27. f4 exf4 28. Nxh5
gxh5 29. e5+ Kg8 30. e6 Ne5 31. Rxf4 Nxe6 32. dxe6 Bxe6 33. Ref1 Rac8 34. Qd1
Nd3 35. Qxh5 Rc5 36. Bxd3 cxd3 37. Ng6 fxg6 38. Rxf8+ Rxf8 39. Rxf8+ Kxf8 40.
Qxg6 Re5 41. Bf6 Bxf6 42. Qxf6+ Ke8 43. Qg6+ Kd7 44. Qxd3 Bxa2 45. b4 Bd5 46.
Kf2 Be4 47. Qd4 Rf5+ 48. Ke3 Bd5 49. Qa7+ Ke6 50. Qxa6 Re5+ 51. Kf2 Bc4 52.
Qc8+ Ke7 53. g4 Re2+ 54. Kf3 Rd2 55. Kf4 Rd3 56. Qh8 0-1

[Event "26th North American Open"]
[Site "Las Vegas"]
[Date "2016.12.26"]
[Round "1"]
[White "Friedel, Joshua"]
[Black "Salakhutdinov, Ildar"]
[Result "1-0"]
[WhiteElo "2607"]
[BlackElo "2302"]
[PlyCount "59"]
[EventDate "2016.12.??"]
[EventType "swiss"]
[EventRounds "9"]
[EventCountry "USA"]
[Source "MonRoi"]

1. d4 Nf6 2. c4 e6 3. Nc3 Bb4 4. Nf3 c5 5. g3 O-O 6. Bg2 d5 7. cxd5 Nxd5 8. Qb3
Nc6 9. dxc5 Nxc3 10. bxc3 Bxc5 11. O-O e5 12. Ng5 h6 13. Ne4 Be7 14. Ba3 Rb8
15. Rfd1 Qc7 16. Bxe7 Nxe7 17. Nd6 Bg4 18. Rd2 a6 19. a4 b6 20. Rad1 Be6 21.
Qb4 f5 22. Bh3 Rf6 23. e4 g6 24. exf5 gxf5 25. Bf1 a5 26. Qh4 Rbf8 27. Ne8 Rxe8
28. Qxf6 Bb3 29. Rd7 Qc5 30. R1d6 1-0

[Event "26th North American Open"]
[Site "Las Vegas"]
[Date "2016.12.26"]
[Round "1"]
[White "Tang, Andrew"]
[Black "Kumar, Aravind"]
[Result "1-0"]
[WhiteElo "2560"]
[BlackElo "2339"]
[PlyCount "105"]
[EventDate "2016.12.??"]
[EventType "swiss"]
[EventRounds "9"]
[EventCountry "USA"]
[Source "MonRoi"]

1. d4 d5 2. c4 c6 3. Nf3 Nf6 4. Nc3 e6 5. e3 Nbd7 6. Qc2 Bd6 7. Be2 O-O 8. O-O
dxc4 9. Bxc4 a6 10. Rd1 b5 11. Bd3 Qc7 12. Bd2 Bb7 13. b4 e5 14. Ne4 Nxe4 15.
Bxe4 g6 16. Rac1 Rac8 17. Qb2 Rfe8 18. h4 exd4 19. Qxd4 c5 20. bxc5 Bh2+ 21.
Nxh2 Rxe4 22. Qd6 Nxc5 23. Qxc7 Rxc7 24. f3 Rc4 25. Ng4 Nd7 26. e4 h5 27. Rxc4
Rxc4 28. Bg5 Nf8 29. Nf6+ Kh8 30. Nd7 Ne6 31. Bf6+ Kg8 32. Be5 Bc8 33. Nb6 Rc2
34. a3 Kf8 35. Rd6 a5 36. Rd5 Rc1+ 37. Kh2 Ba6 38. Rd7 b4 39. Ra7 Bf1 40. Nd5
Rc8 41. axb4 axb4 42. Nxb4 Bc4 43. Nc2 Nd8 44. Bf6 Nc6 45. Ra1 Be6 46. Kg3 Ke8
47. Kf4 Nb8 48. Nd4 Nd7 49. Be5 Ke7 50. Nxe6 Kxe6 51. Ra6+ Ke7 52. Bd6+ Ke8 53.
Kg5 1-0

[Event "26th North American Open"]
[Site "Las Vegas"]
[Date "2016.12.26"]
[Round "1"]
[White "Stearman, Josiah"]
[Black "Brown, Michael"]
[Result "0-1"]
[WhiteElo "2304"]
[BlackElo "2530"]
[PlyCount "40"]
[EventDate "2016.12.??"]
[EventType "swiss"]
[EventRounds "9"]
[EventCountry "USA"]
[Source "MonRoi"]

1. e4 e5 2. Nf3 Nc6 3. Bc4 Bc5 4. O-O Nf6 5. d4 Bxd4 6. Nxd4 Nxd4 7. f4 d6 8.
fxe5 dxe5 9. Bg5 Be6 10. Na3 Qe7 11. c3 Bxc4 12. Bxf6 gxf6 13. Nxc4 Ne6 14. b4
Rg8 15. Kh1 Nf4 16. g3 Qe6 17. Ne3 Rxg3 18. Nf5 Rg6 19. Rg1 Qc4 20. Qf3 Rd8 0-1

[Event "26th North American Open"]
[Site "Las Vegas"]
[Date "2016.12.26"]
[Round "1"]
[White "Guo, Arthur"]
[Black "Wheeler, Cameron"]
[Result "1/2-1/2"]
[WhiteElo "2246"]
[BlackElo "2481"]
[PlyCount "153"]
[EventDate "2016.12.??"]
[EventType "swiss"]
[EventRounds "9"]
[EventCountry "USA"]
[Source "MonRoi"]

1. e4 e6 2. d4 d5 3. Nd2 Be7 4. Ngf3 Nf6 5. e5 Nfd7 6. Bd3 c5 7. c3 Nc6 8. O-O
b6 9. Re1 Bb7 10. Nf1 Qc7 11. Be3 O-O-O 12. Rc1 Kb8 13. Ng5 Bxg5 14. Bxg5 f6
15. exf6 gxf6 16. Bh4 e5 17. Bf5 Qd6 18. Bg3 Ka8 19. Ne3 h5 20. h4 Ne7 21. Bh3
Rdg8 22. Nf5 Nxf5 23. Bxf5 Qc6 24. Qf3 e4 25. Qf4 Re8 26. Qd6 Nb8 27. Bg6 Reg8
28. Bf5 cxd4 29. cxd4 Qxd6 30. Bxd6 Bc8 31. Bxb8 Kxb8 32. Bxc8 Rxc8 33. f3 f5
34. Kf2 Rhg8 35. g3 Rxc1 36. Rxc1 exf3 37. Re1 Rg4 38. Re5 f4 39. gxf4 Rxf4 40.
Rxd5 Rxh4 41. Kxf3 Kc7 42. a3 Kc6 43. Rg5 Rxd4 44. Rxh5 Rd2 45. b4 Rd3+ 46. Ke4
Rxa3 47. Kd4 a6 48. Kc4 Re3 49. Rh6+ Kc7 50. Rh7+ Kd6 51. Ra7 Ra3 52. Rh7 Re3
53. Ra7 Re4+ 54. Kc3 Kc6 55. Rxa6 Kb5 56. Ra7 Rc4+ 57. Kb3 Rxb4+ 58. Kc2 Ra4
59. Rh7 Ra3 60. Rh5+ Ka4 61. Rh4+ Ka5 62. Kb2 Rg3 63. Rh8 b5 64. Ra8+ Kb4 65.
Rb8 Rg2+ 66. Kb1 Kc4 67. Rh8 Rg3 68. Kb2 Rb3+ 69. Kc2 Kb4 70. Rb8 Rf3 71. Rg8
Ka4 72. Ra8+ Kb4 73. Rg8 Rf2+ 74. Kb1 Ka4 75. Rg3 b4 76. Rh3 b3 77. Rh8 1/2-1/2

[Event "26th North American Open"]
[Site "Las Vegas"]
[Date "2016.12.26"]
[Round "1"]
[White "Panchanatham, Vignesh"]
[Black "Cai, Jason"]
[Result "1-0"]
[WhiteElo "2445"]
[BlackElo "2237"]
[PlyCount "83"]
[EventDate "2016.12.??"]
[EventType "swiss"]
[EventRounds "9"]
[EventCountry "USA"]
[Source "MonRoi"]

1. d4 e6 2. Nf3 f5 3. Nc3 d5 4. Bg5 Nf6 5. e3 Nbd7 6. Ne5 Be7 7. Bd3 Nxe5 8.
dxe5 Ne4 9. Bxe7 Qxe7 10. Bxe4 fxe4 11. Qh5+ Qf7 12. Qxf7+ Kxf7 13. O-O-O Ke7
14. f3 exf3 15. gxf3 Rf8 16. Rhg1 g6 17. f4 Bd7 18. h4 Rf5 19. Rg4 Raf8 20. Ne2
R5f7 21. Ng3 Bb5 22. Kd2 d4 23. Ne4 Rd8 24. Rdg1 Bc6 25. Nf6 Bf3 26. R4g3 dxe3+
27. Kxe3 Bd1 28. R1g2 Bh5 29. Rd2 Rxd2 30. Kxd2 Kf8 31. Rd3 Kg7 32. Ke3 h6 33.
Rd8 Rf8 34. Nxh5+ gxh5 35. Rxf8 Kxf8 36. f5 exf5 37. Kf4 Ke7 38. Kxf5 Kf7 39.
c4 c6 40. c5 b6 41. cxb6 axb6 42. a4 1-0

[Event "26th North American Open"]
[Site "Las Vegas"]
[Date "2016.12.26"]
[Round "1"]
[White "Ke, Ivan"]
[Black "Ludwig, John"]
[Result "0-1"]
[WhiteElo "2240"]
[BlackElo "2483"]
[PlyCount "72"]
[EventDate "2016.12.??"]
[EventType "swiss"]
[EventRounds "9"]
[EventCountry "USA"]
[Source "MonRoi"]

1. d4 Nf6 2. c4 c5 3. d5 e6 4. Nc3 exd5 5. cxd5 d6 6. e4 g6 7. Bd3 Bg7 8. Nge2
O-O 9. O-O Nbd7 10. Bc2 a6 11. a4 Re8 12. f4 Rb8 13. a5 b5 14. axb6 Rxb6 15.
Ng3 Qc7 16. Qf3 c4 17. Ra4 a5 18. Qe2 Rb4 19. Be3 Rxb2 20. Rxc4 Qb8 21. Rc6 Bb7
22. Na4 Rb4 23. Rc3 Bxd5 24. exd5 Nxd5 25. Rd3 Nxe3 26. Rxe3 Rxe3 27. Qd2 Ra3
28. f5 Rbxa4 29. Bxa4 Rxa4 30. fxg6 hxg6 31. Qd5 Ne5 32. Kh1 Rb4 33. Qxa5 Rb1
34. h3 Rxf1+ 35. Nxf1 Nc6 36. Qe1 d5 0-1

[Event "26th North American Open"]
[Site "Las Vegas"]
[Date "2016.12.26"]
[Round "1"]
[White "Kavutskiy, Konstantin"]
[Black "Bykovtsev, Agata"]
[Result "1/2-1/2"]
[WhiteElo "2428"]
[BlackElo "2249"]
[PlyCount "101"]
[EventDate "2016.12.??"]
[EventType "swiss"]
[EventRounds "9"]
[EventCountry "USA"]
[Source "MonRoi"]

1. d4 Nf6 2. c4 g6 3. Nc3 Bg7 4. e4 d6 5. Be2 O-O 6. Nf3 e5 7. O-O Na6 8. Re1
Qe8 9. Bf1 Bg4 10. d5 Nb4 11. Be2 a5 12. Be3 Na6 13. Nd2 Bd7 14. b3 b6 15. a3
Kh8 16. Rb1 Nc5 17. b4 axb4 18. axb4 Na4 19. Qc2 Nxc3 20. Qxc3 Ng4 21. Bxg4
Bxg4 22. c5 bxc5 23. bxc5 f5 24. f3 Bh5 25. Rb7 f4 26. Bf2 Qd8 27. Reb1 g5 28.
h3 Bg6 29. cxd6 cxd6 30. Qc7 Qxc7 31. Rxc7 Rfc8 32. Rc6 Bf8 33. Rbc1 Rcb8 34.
Nc4 Be8 35. Nb6 Bxc6 36. dxc6 Rxb6 37. Bxb6 Rc8 38. c7 Kg7 39. h4 gxh4 40. Kh2
Kf7 41. Kh3 Be7 42. Kg4 Ke6 43. Ba5 h5+ 44. Kxh5 h3 45. gxh3 Bf6 46. h4 Rh8+
47. Kg6 Rg8+ 48. Kh5 Rh8+ 49. Kg6 Rg8+ 50. Kh5 Rh8+ 51. Kg6 1/2-1/2

[Event "26th North American Open"]
[Site "Las Vegas"]
[Date "2016.12.26"]
[Round "1"]
[White "Vega, Isaac"]
[Black "Kumar, Nikhil"]
[Result "0-1"]
[WhiteElo "1748"]
[BlackElo "2210"]
[PlyCount "86"]
[EventDate "2016.12.??"]
[EventType "swiss"]
[EventRounds "9"]
[EventCountry "USA"]
[Source "MonRoi"]

1. e4 c6 2. d4 d5 3. exd5 cxd5 4. Bd3 Nc6 5. c3 Nf6 6. Bf4 Bg4 7. Qb3 Qd7 8.
Nd2 e6 9. Ngf3 Bd6 10. Bxd6 Qxd6 11. Qxb7 Rb8 12. Qa6 O-O 13. Qa3 Qxa3 14. bxa3
Rfc8 15. O-O Ne7 16. Rac1 Rb2 17. c4 Rxa2 18. c5 Rxa3 19. Ne5 Bf5 20. Bxf5 Nxf5
21. Ndf3 a5 22. Ra1 Rxa1 23. Rxa1 Ra8 24. g4 Ne7 25. Nd2 a4 26. f3 Ne8 27. Nd7
a3 28. Nb6 Ra7 29. Nb1 Nc6 30. Rxa3 Rxa3 31. Nxa3 Nxd4 32. Kf2 Kf8 33. Ke3 Nb3
34. Na4 Ke7 35. Nb5 Kd7 36. Nd4 Nxd4 37. Kxd4 Kc6 38. g5 f6 39. f4 Nc7 40. gxf6
gxf6 41. h3 e5+ 42. fxe5 Ne6+ 43. Ke3 fxe5 0-1

[Event "26th North American Open"]
[Site "Las Vegas"]
[Date "2016.12.26"]
[Round "2"]
[White "Zhou, Jianchao"]
[Black "Taghizadeh, Rayan"]
[Result "1-0"]
[WhiteElo "2632"]
[BlackElo "2310"]
[PlyCount "135"]
[EventDate "2016.12.??"]
[EventType "swiss"]
[EventRounds "9"]
[EventCountry "USA"]
[Source "MonRoi"]

1. d4 Nf6 2. c4 e6 3. Nc3 Bb4 4. Qc2 O-O 5. a3 Bxc3+ 6. Qxc3 Qe8 7. e3 d6 8. b4
Nbd7 9. Bb2 Nb6 10. Nf3 Na4 11. Qc2 Nxb2 12. Qxb2 b6 13. Be2 Bb7 14. O-O Ne4
15. Ne1 f5 16. f3 Nf6 17. Nd3 Qe7 18. Rac1 Rae8 19. c5 e5 20. dxe5 dxe5 21. Nf2
Kh8 22. Rfd1 Rd8 23. Rxd8 Rxd8 24. cxb6 cxb6 25. Qc2 Nd5 26. Qxf5 Nxe3 27. Qh3
Qg5 28. Bd3 h6 29. Qg3 Qxg3 30. hxg3 Rc8 31. Re1 Nc4 32. Bxc4 Rxc4 33. Rxe5
Rc1+ 34. Kh2 Rc2 35. Kg1 Rc1+ 36. Kh2 Rc2 37. Nd3 Ra2 38. Kg1 Rxa3 39. Nf4 Rb3
40. Re8+ Kh7 41. Re7 Bc6 42. Nh5 Rxb4 43. Rxg7+ Kh8 44. Rc7 Bb5 45. Nf6 Bd3 46.
Rxa7 Rc4 47. Rd7 Bc2 48. Rb7 Rb4 49. g4 Bg6 50. Nd5 Rb1+ 51. Kh2 b5 52. Nc3 Rb3
53. Nxb5 Bd3 54. Nd6 Rxb7 55. Nxb7 Kg7 56. Nc5 Bc2 57. Kg3 Kg6 58. Kf4 Kf6 59.
Ne4+ Kg6 60. Ke3 h5 61. gxh5+ Kxh5 62. g4+ Kg6 63. f4 Ba4 64. f5+ Kg7 65. g5
Bc2 66. Kf4 Bb1 67. Nc5 Bc2 68. Nd7 1-0

[Event "26th North American Open"]
[Site "Las Vegas"]
[Date "2016.12.26"]
[Round "2"]
[White "Li, Ruifeng"]
[Black "Li, Zhaozhi"]
[Result "0-1"]
[WhiteElo "2557"]
[BlackElo "2313"]
[PlyCount "159"]
[EventDate "2016.12.??"]
[EventType "swiss"]
[EventRounds "9"]
[EventCountry "USA"]
[Source "MonRoi"]

1. e4 c5 2. Ne2 d6 3. g3 Nf6 4. Bg2 e6 5. O-O Be7 6. d4 O-O 7. c4 Qc7 8. b3 a6
9. Bb2 Nbd7 10. Nbc3 Rb8 11. a4 b6 12. h3 cxd4 13. Nxd4 Bb7 14. Rc1 Rbc8 15. f4
Nc5 16. Re1 Rfd8 17. b4 Ncd7 18. g4 a5 19. g5 Ne8 20. Ncb5 Qb8 21. Qg4 axb4 22.
Nxe6 fxe6 23. Qxe6+ Kf8 24. Qf5+ Kg8 25. Qe6+ Kf8 26. Bf3 g6 27. Qg4 Rc5 28.
Nd4 Ng7 29. Rf1 Qc8 30. f5 Kg8 31. f6 Nxf6 32. gxf6 Bxf6 33. e5 Bxe5 34. Bxb7
Qxb7 35. Ne6 Nxe6 36. Qxe6+ Kg7 37. Bxe5+ Rxe5 38. Qf6+ Kh6 39. Qxd8 Rg5+ 40.
Qxg5+ Kxg5 41. Rb1 Qc6 42. Rb3 Qc5+ 43. Kg2 Qxc4 44. Rfb1 Qc6+ 45. Kg3 Qxa4 46.
Rxb4 Qc2 47. Rb5+ Kh6 48. Rxb6 d5 49. R6b2 Qe4 50. Rb3 Qe5+ 51. Kf2 Qh2+ 52.
Ke1 Kg5 53. Rd1 Qg1+ 54. Kd2 Qg2+ 55. Kc1 Kf4 56. Rbd3 Ke5 57. R1d2 Qe4 58. Kd1
Qh1+ 59. Ke2 d4 60. Kf2 Qh2+ 61. Kf1 Qf4+ 62. Kg2 Kd5 63. Rf2 Qe4+ 64. Rdf3 Kc4
65. Ra2 Qe1 66. Ra4+ Kd5 67. Ra7 Qd2+ 68. Kg3 Qg5+ 69. Kf2 Qh4+ 70. Kg2 Ke4 71.
Rg3 Qd8 72. Ra1 Qd5 73. Kf2 Qd8 74. Rg4+ Kd3 75. Rg3+ Kc4 76. Rc1+ Kd5 77. Rd1
Qh4 78. Re1 Qf4+ 79. Rf3 Qh2+ 80. Kf1 0-1

[Event "26th North American Open"]
[Site "Las Vegas"]
[Date "2016.12.26"]
[Round "2"]
[White "Chen, Peng"]
[Black "Tang, Andrew"]
[Result "1-0"]
[WhiteElo "2297"]
[BlackElo "2466"]
[PlyCount "43"]
[EventDate "2016.12.??"]
[EventType "swiss"]
[EventRounds "9"]
[EventCountry "USA"]
[Source "MonRoi"]

1. e4 e5 2. Nf3 Nc6 3. Bb5 a6 4. Ba4 Nf6 5. d4 exd4 6. O-O Be7 7. e5 Ne4 8.
Nxd4 Nxd4 9. Qxd4 Nc5 10. Nc3 O-O 11. Bg5 Nxa4 12. Bxe7 Nxc3 13. Qh4 Qe8 14.
bxc3 b6 15. Rad1 h6 16. Rd3 Bb7 17. Rfd1 Bc6 18. Rg3 Kh7 19. Rd4 f5 20. exf6
gxf6 21. Rdg4 Qf7 22. Rh3 1-0

[Event "26th North American Open"]
[Site "Las Vegas"]
[Date "2016.12.26"]
[Round "2"]
[White "Kumar, Nikhil"]
[Black "Kojima, Shinya"]
[Result "1/2-1/2"]
[WhiteElo "2251"]
[BlackElo "2403"]
[PlyCount "87"]
[EventDate "2016.12.??"]
[EventType "swiss"]
[EventRounds "9"]
[EventCountry "USA"]
[Source "MonRoi"]

1. d4 d5 2. c4 c6 3. Nf3 Nf6 4. e3 g6 5. Nc3 Bg7 6. Bd3 O-O 7. O-O Bg4 8. h3
Bxf3 9. Qxf3 e6 10. b3 Nbd7 11. Bb2 Re8 12. Rad1 a6 13. g4 Qc7 14. Be2 h5 15.
Qg2 hxg4 16. hxg4 Rad8 17. g5 Nh7 18. f4 Nb6 19. c5 Nc8 20. Qg4 Ne7 21. Bd3 Nf5
22. Kf2 Nf8 23. Ne2 Nd7 24. Bc3 Kf8 25. Rh1 Ke7 26. Rh7 Rh8 27. Rdh1 Rxh7 28.
Rxh7 Rh8 29. Qh3 Qd8 30. Ng1 Rxh7 31. Qxh7 Qh8 32. Qxh8 Bxh8 33. Nf3 Bg7 34.
Ne5 Nxe5 35. fxe5 Kd7 36. Kf3 Bf8 37. Kf4 Be7 38. Be1 Bd8 39. Bc3 Bc7 40. b4
Bd8 41. Bd2 Be7 42. Bc3 Bd8 43. Bd2 Be7 44. Bc3 1/2-1/2

[Event "26th North American Open"]
[Site "Las Vegas"]
[Date "2016.12.26"]
[Round "2"]
[White "Sheng, Joshua"]
[Black "Ng, Gary"]
[Result "1/2-1/2"]
[WhiteElo "2394"]
[BlackElo "2249"]
[PlyCount "129"]
[EventDate "2016.12.??"]
[EventType "swiss"]
[EventRounds "9"]
[EventCountry "USA"]
[Source "MonRoi"]

1. c4 e5 2. Nc3 Nf6 3. Nf3 Nc6 4. e3 g6 5. d4 d6 6. Be2 Bg7 7. O-O O-O 8. d5
Ne7 9. b4 a5 10. bxa5 Rxa5 11. a4 e4 12. Nd4 Nf5 13. Nb3 Ra8 14. Qc2 h5 15. Bb2
Re8 16. c5 dxc5 17. Nxc5 Nd6 18. Rfd1 Nd7 19. Nb3 Ne5 20. Nb5 Qg5 21. Nxd6 cxd6
22. Qxe4 Bg4 23. f4 Bxe2 24. fxg5 Nf3+ 25. Qxf3 Bxf3 26. gxf3 Bxb2 27. Ra2 Bg7
28. Kf2 Rac8 29. Nd2 Kf8 30. Ne4 Ke7 31. Rb1 Rc7 32. Rb6 Rd8 33. Ke2 Rdd7 34.
Kd3 Rc1 35. a5 Rd1+ 36. Nd2 Rc7 37. a6 bxa6 38. Rbxa6 Bc3 39. Rc6 Rxc6 40. dxc6
Rxd2+ 41. Rxd2 Bxd2 42. Kxd2 Kd8 43. Kd3 Kc7 44. Kd4 Kxc6 45. e4 h4 46. h3 Kc7
47. Kd5 Kd7 48. f4 Ke7 49. f5 Kd7 50. Kc4 Ke7 51. Kd4 Ke8 52. Ke3 Kd7 53. Kf4
Kc6 54. e5 Kd7 55. exd6 Kxd6 56. Ke4 gxf5+ 57. Kxf5 Ke7 58. Kg4 f6 59. g6 Kf8
60. Kf4 Kg8 61. Kg4 Kf8 62. Kxh4 Kg7 63. Kh5 f5 64. h4 f4 65. Kg4 1/2-1/2

[Event "26th North American Open"]
[Site "Las Vegas"]
[Date "2016.12.26"]
[Round "2"]
[White "Findlay, Ian"]
[Black "Panchanatham, Vignesh"]
[Result "0-1"]
[WhiteElo "2248"]
[BlackElo "2381"]
[PlyCount "86"]
[EventDate "2016.12.??"]
[EventType "swiss"]
[EventRounds "9"]
[EventCountry "USA"]
[Source "MonRoi"]

1. e4 e6 2. d4 d5 3. Nd2 Be7 4. Ngf3 Nf6 5. Bd3 c5 6. e5 Nfd7 7. c3 Nc6 8. O-O
g5 9. dxc5 g4 10. Nd4 Ndxe5 11. N2b3 Nxd3 12. Qxd3 e5 13. Nxc6 bxc6 14. Re1 f6
15. Bh6 Kf7 16. f4 e4 17. Qg3 Kg6 18. Qh4 f5 19. Bg5 Bxg5 20. Qxg5+ Qxg5 21.
fxg5 Ba6 22. Nd4 Rac8 23. g3 Kxg5 24. a4 Rhe8 25. b4 Bd3 26. Kf2 f4 27. gxf4+
Kxf4 28. Re3 h5 29. a5 h4 30. Rg1 Rg8 31. Ne6+ Ke5 32. Nd4 Rcf8+ 33. Ke1 Rg6
34. Rh3 Rh8 35. Kf2 Rhh6 36. Re3 Kf4 37. Ne2+ Bxe2 38. Kxe2 g3 39. Rf1+ Ke5 40.
hxg3 hxg3 41. Ke1 Rh2 42. Re2 Rf6 43. Rg1 Rff2 0-1

[Event "26th North American Open"]
[Site "Las Vegas"]
[Date "2016.12.26"]
[Round "2"]
[White "Ludwig, John"]
[Black "Zhang, Chao"]
[Result "1/2-1/2"]
[WhiteElo "2377"]
[BlackElo "2214"]
[PlyCount "96"]
[EventDate "2016.12.??"]
[EventType "swiss"]
[EventRounds "9"]
[EventCountry "USA"]
[Source "MonRoi"]

1. e4 e5 2. Nf3 Nc6 3. Bb5 Nf6 4. d3 Bc5 5. c3 O-O 6. O-O d6 7. Nbd2 a6 8. Ba4
Ba7 9. h3 Ne7 10. Re1 Ng6 11. Nf1 Nh5 12. d4 exd4 13. cxd4 Nhf4 14. Ng3 d5 15.
exd5 b5 16. Bb3 Bb7 17. Bxf4 Nxf4 18. Nf5 Kh8 19. Ne7 Nxd5 20. Nxd5 Bxd5 21.
Bxd5 Qxd5 22. a4 b4 23. Qd3 f6 24. Re7 Bb6 25. Rae1 c5 26. R7e6 c4 27. Qe2 Ba5
28. Rc1 Rac8 29. Rxa6 Rfe8 30. Qf1 b3 31. Qd1 c3 32. bxc3 b2 33. Rb1 Bxc3 34.
Rb6 Qa2 35. d5 Be5 36. Rc6 Rcd8 37. Nxe5 Rxd5 38. Qc2 Rdxe5 39. Rxb2 Re1+ 40.
Kh2 Qa1 41. Rc8 h6 42. Rxe8+ Rxe8 43. Qc6 Rd8 44. Re2 Qd4 45. a5 Rd5 46. a6 Ra5
47. Qe6 Kh7 48. Ra2 f5 1/2-1/2

[Event "26th North American Open"]
[Site "Las Vegas"]
[Date "2016.12.26"]
[Round "2"]
[White "Li, Ben"]
[Black "Izoria, Zviad"]
[Result "0-1"]
[WhiteElo "2237"]
[BlackElo "2604"]
[PlyCount "78"]
[EventDate "2016.12.??"]
[EventType "swiss"]
[EventRounds "9"]
[EventCountry "USA"]
[Source "MonRoi"]

1. d4 d6 2. e4 g6 3. Nc3 Bg7 4. Be3 a6 5. Qd2 b5 6. O-O-O Bb7 7. f3 Nd7 8. Kb1
Rc8 9. Nge2 c5 10. dxc5 Nxc5 11. Nd4 h5 12. h4 Nf6 13. a3 Ncd7 14. Bg5 Qb6 15.
Be2 Ne5 16. Rhe1 O-O 17. Bh6 Bxh6 18. Qxh6 b4 19. axb4 Qxb4 20. Nb3 Rxc3 21.
bxc3 Qxc3 22. Qd2 Qc7 23. Qa5 Qb8 24. Bxa6 Bxa6 25. Qxa6 Nfd7 26. Rd4 Nc5 27.
Qa3 Rc8 28. Red1 Ne6 29. Ra4 Nf4 30. g3 Ne2 31. Re1 Nc3+ 32. Kb2 Nxa4+ 33. Qxa4
Qc7 34. Rc1 Qc3+ 35. Kb1 Qxf3 36. Qa7 Qc3 37. Qd4 Qxg3 38. Rg1 Qxh4 39. Qd5 Qf2
0-1

[Event "26th North American Open"]
[Site "Las Vegas"]
[Date "2016.12.26"]
[Round "2"]
[White "Adamson, Robby"]
[Black "Gelashvili, Tamaz"]
[Result "0-1"]
[WhiteElo "2230"]
[BlackElo "2568"]
[PlyCount "54"]
[EventDate "2016.12.??"]
[EventType "swiss"]
[EventRounds "9"]
[EventCountry "USA"]
[Source "MonRoi"]

1. e4 c5 2. Nf3 d6 3. d4 cxd4 4. Nxd4 Nf6 5. Nc3 g6 6. Be3 Bg7 7. f3 Nc6 8. Qd2
O-O 9. O-O-O d5 10. Qe1 e5 11. Nxc6 bxc6 12. exd5 Nxd5 13. Bc4 Be6 14. Kb1 Rb8
15. Ne4 Qc7 16. Bc5 Rfd8 17. g4 h6 18. h4 f5 19. gxf5 gxf5 20. Nf2 a5 21. Bb3
a4 22. Bxa4 Rxb2+ 23. Kxb2 e4+ 24. Kc1 Qf4+ 25. Be3 Qd6 26. Bd4 Qa3+ 27. Kb1
Nb4 0-1

[Event "26th North American Open"]
[Site "Las Vegas"]
[Date "2016.12.26"]
[Round "2"]
[White "Shmelov, Denys"]
[Black "Yim, Sungho"]
[Result "1-0"]
[WhiteElo "2416"]
[BlackElo "2197"]
[PlyCount "115"]
[EventDate "2016.12.??"]
[EventType "swiss"]
[EventRounds "9"]
[EventCountry "USA"]
[Source "MonRoi"]

1. d4 d5 2. c4 c6 3. Nf3 Nf6 4. Nc3 a6 5. c5 Bf5 6. Bf4 Nh5 7. Bd2 Nf6 8. h3 h6
9. Bf4 Nbd7 10. e3 e6 11. Bd3 Be7 12. O-O O-O 13. Bxf5 exf5 14. Nh4 g5 15. Nxf5
gxf4 16. Nxh6+ Kh7 17. Nf5 Re8 18. Qd3 Kh8 19. Ne2 Bf8 20. Nxf4 Ng8 21. b4 Qf6
22. Rab1 Nh6 23. Ng3 b5 24. a4 Reb8 25. Ra1 Ra7 26. Ra3 bxa4 27. Rxa4 Rb5 28.
Ra5 Nb8 29. Rb1 Be7 30. Qd1 Rab7 31. Rxb5 Rxb5 32. Nd3 Qg5 33. Qf3 Qg6 34. e4
dxe4 35. Nxe4 Qf5 36. Qe3 Kg7 37. Re1 Rb7 38. Ng3 Qg5 39. Qf3 Qd5 40. Nh5+ Kf8
41. Re4 f5 42. Qf4 Qxe4 43. Qxh6+ Ke8 44. Ng7+ Kd7 45. Ne5+ Kc8 46. Qe6+ Rd7
47. Nxf5 Kb7 48. Nxe7 Rc7 49. d5 Qe1+ 50. Kh2 Qxf2 51. dxc6+ Nxc6 52. N5xc6
Qf4+ 53. Kg1 Qc1+ 54. Kf2 Qd2+ 55. Qe2 Qf4+ 56. Qf3 Qd2+ 57. Kg1 Qe1+ 58. Kh2
1-0

[Event "26th North American Open"]
[Site "Las Vegas"]
[Date "2016.12.26"]
[Round "2"]
[White "Eckert, Doug"]
[Black "Kavutskiy, Konstantin"]
[Result "0-1"]
[WhiteElo "2152"]
[BlackElo "2377"]
[PlyCount "124"]
[EventDate "2016.12.??"]
[EventType "swiss"]
[EventRounds "9"]
[EventCountry "USA"]
[Source "MonRoi"]

1. d4 Nf6 2. Bg5 d5 3. Nd2 Nbd7 4. Ngf3 g6 5. e3 Bg7 6. Be2 O-O 7. O-O c5 8. c3
h6 9. Bh4 g5 10. Bg3 Nh5 11. Qc2 Nxg3 12. hxg3 b6 13. Rad1 Qc7 14. Bd3 Nf6 15.
Rfe1 Bg4 16. Rc1 Bh5 17. Qb1 Rad8 18. c4 e6 19. cxd5 exd5 20. b3 Rfe8 21. Qc2
Bf8 22. Bb5 Bg6 23. Qb2 Nd7 24. Bxd7 Qxd7 25. Ne5 Qe6 26. Nxg6 Qxg6 27. Nf3 Rc8
28. Qd2 Qe6 29. dxc5 bxc5 30. Qa5 Qb6 31. Qa4 Bg7 32. Qd7 Red8 33. Qf5 Qe6 34.
g4 Qxf5 35. gxf5 g4 36. Nd2 h5 37. f4 h4 38. Kf1 Rd6 39. e4 Bh6 40. exd5 Rxd5
41. Ne4 Rxf5 42. g3 Rc6 43. Kg2 hxg3 44. Nxg3 Rxf4 45. Re8+ Kh7 46. Rd1 c4 47.
Rdd8 Bg7 48. Nh5 Rf5 49. Nxg7 Kxg7 50. Rg8+ Kf6 51. Rxg4 c3 52. Rd1 c2 53. Rc1
Rg5 54. Rxg5 Kxg5 55. b4 Kf4 56. Kf2 f5 57. b5 Rc5 58. a4 Ke4 59. Ke2 f4 60.
Kd2 f3 61. a5 Rd5+ 62. Ke1 Rd1+ 0-1